000 00577nam a22002297a 4500
003 UA-OsUOA
001 41852
007 ta
008 20061016b un ||||| |||| 00| 0 ukr d
100 _aСтендаль
090 _a821.133.1
_bС79
942 _cBK
040 _aUA-OsUOA
_brus
_cUA-OsUOA
_dUA-OsUOA
245 _aКрасное и черное
300 _a608 с.
955 _a3
041 _arus
080 _a821.133.1
260 _aМ.
_bЭКСМО
_c2006
650 7 _a82 Література. Літературознавство
_2UDC
999 _c327982
_d327982